| 000 | 00530nam a2200193Ia 4500 | ||
|---|---|---|---|
| 003 | GCL | ||
| 008 | 140319s9999 xx 000 0 eng d | ||
| 040 |
_aGCL / _cGCL |
||
| 082 | 0 | 4 |
_a658 _bM M |
| 100 | 1 | _aIVANCEVICH, JOHN M. | |
| 245 | 1 | 0 |
_aMANAGEMENT AND ORGANIZATIONAL BEHAVIOR CLASSICS / _cIVANCEVICH, JOHN M. |
| 700 | 1 | _aMATTESON, MICHAEL T | |
| 260 |
_a[S.N] : _bIRWIN ، _c1996 |
||
| 300 | _a455 P | ||
| 650 | 0 | 4 | _aMANAGEMENT |
| 650 | 0 | 4 | _aORGANIZATIONAL BEHAVIOR |
| 650 | 0 | 4 | _aINDUSTRIAL MANAGEMENT |
| 942 |
_2ddc _cBK |
||
| 999 |
_c13432 _d13432 |
||